Reflexiones sobre mi poesía (Record no. 77601)

MARC details
000 -LEADER
campo de control de longitud fija 00942nam a2200241 i 4500
001 - NÚMERO DE CONTROL
campo de control 77601
003 - IDENTIFICADOR DE NÚMERO DE CONTROL
campo de control ES-MaACL
005 - FECHA Y HORA DE LA ÚLTIMA TRANSACCIÓN
campo de control 20231205204441.0
007 - CAMPO FIJO DE DESCRIPCIÓN FÍSICA--INFORMACIÓN GENERAL
campo de control de longitud fija t|
008 - DATOS DE LONGITUD FIJA--INFORMACIÓN GENERAL
campo de control de longitud fija 041025s2003 sp ||||1| spa d
020 ## - NÚMERO INTERNACIONAL ESTÁNDAR DEL LIBRO
Número Internacional Estándar del Libro 84-95427-96-6
080 ## - NÚMERO DE LA CLASIFICACIÓN DECIMAL UNIVERSAL
Número de la Clasificación Decimal Universal 821.134.2-1.09"19"
245 00 - MENCIÓN DEL TÍTULO
Título Reflexiones sobre mi poesía
Resto del título : [conferencias pronunciadas en la Escuela Universitaria de Formación del Profesorado de EGB "Santa María", de la Universidad Autónoma de Madrid] /
Mención de responsabilidad, etc. Rafael Morales ... [et al.] : edición: Joaquín Benito de Lucas.
260 ## - PUBLICACIÓN, DISTRIBUCIÓN, ETC.
Lugar de publicación, distribución, etc. Madrid :
Nombre del editor, distribuidor, etc. Eneida,
Fecha de publicación, distribución, etc. [2003]
300 ## - DESCRIPCIÓN FÍSICA
Extensión 359 p. ;
Dimensiones 24 cm.
490 1# - MENCIÓN DE SERIE
Mención de serie Puntos de vista ;
Designación de volumen o secuencia 4
650 #4 - PUNTO DE ACCESO ADICIONAL DE MATERIA--TÉRMINO DE MATERIA
Término de materia o nombre geográfico como elemento de entrada Poesía española-
Subdivisión cronológica S.XX-
Subdivisión general Historia y crítica.
9 (RLIN) 16167
700 1# - ENTRADA AGREGADA--NOMBRE PERSONAL
Nombre de persona Morales, Rafael,
Fechas asociadas al nombre 1919-2005
9 (RLIN) 83007
700 1# - ENTRADA AGREGADA--NOMBRE PERSONAL
Nombre de persona Benito de Lucas, Joaquín.
9 (RLIN) 27672
830 0# - PUNTO DE ACCESO ADICIONAL DE SERIE-TÍTULO UNIFORME
Título uniforme Puntos de vista ;
Designación de volumen o secuencia 4
9 (RLIN) 176667
852 ## - LOCALIZACIÓN
Ubicación ES-MaACL
Número de control de estantería L-28357
Sublocalización o colección R.134358
Holdings
Estatus retirado Estado de pérdida Estado de daño No para préstamo Biblioteca de origen Biblioteca actual Ubicación en estantería Fecha de adquisición Fuente de adquisición Total de préstamos Signatura topográfica completa Código de barras Visto por última vez Precio de reemplazo Tipo de ítem Koha
        Biblioteca del Ateneo de Madrid Biblioteca del Ateneo de Madrid Depósito 2 17/01/2008     L-28357 1081190 23/02/2023 23/02/2023 Libro impreso